000 00493nam a2200169Ia 4500
008 130318s9999 xx 000 0 und d
020 _a8173668841
082 _a005.8 HUR/W
100 _aHurley, Chris
245 _aWar Ddiving drive, detect, defend: A guide to wireless security
260 _bO'reilly/Shroff Publishers and Distributors
_aMumbai
_c2004
300 _a495
650 _aWAR DRIVING
650 _aWIRELESS SECURITY
700 _aPuchol, Michael
700 _aThornton, Frank
999 _c1245
_d1245